000 00903nam a2200265Ia 4500
003 PE SENCICO BE
005 20251020182431.0
008 200515s9999 xx 000 0 und d
020 _a84-8076-257-8
040 _aPE SENCICO BE
_cPE SENCICO BE
041 _aspa
082 _a747
_bC74
100 1 _aConran, Terence
_92581
_eautor
245 1 0 _aDiseño /
_cTerence Conran
250 _a1a ed.
260 _aBarcelona :
_bBlume ;
_c1997
300 _a285 p. :
_bil. col., lams. ;
_c26 cm.
505 0 _aIntroducción: el diseño y la calidad de vida -- Muebles e interiores -- El menaje del hogar -- Ropa y vestidos -- Alimentos -- Transporte -- Trabajo -- Tiempo libre -- Actividades del aire libre
650 1 0 _aDiseño de interiores
_944
650 2 0 _aMuebles
_9239
650 2 0 _aImagen corporativa
_91964
650 2 0 _aColor en el diseño
_91793
942 _cLIB
_2ddc
999 _c249
_d249